Muslim-Christian Relations, Past, Present, Future (Record no. 17916)

MARC details
000 -LEADER
fixed length control field 00421nam a2200145 a 4500
082 00 - DEWEY DECIMAL CLASSIFICATION NUMBER
Classification number 291
Author Cutter MOH
100 ## - MAIN ENTRY--AUTHOR NAME
Author name Mohammed, Ovey Nelson
245 ## - TITLE STATEMENT
Title Muslim-Christian Relations, Past, Present, Future
260 ## - PUBLICATION, DISTRIBUTION, ETC. (IMPRINT)
Place of publication New York
Name of publisher Orbis Books
Year of publication 1999
300 ## - PHYSICAL DESCRIPTION
Number of Pages 144p
500 ## - GENERAL NOTE
General note includes index and biblioraphy
505 2# - FORMATTED CONTENTS NOTE
Formatted contents note Teaching and Tites of Islam According to the Text.
942 ## - ADDED ENTRY ELEMENTS (KOHA)
Koha item type Books
700 1# -
-- Mohammed, Ovey Nelson
Holdings
Home library Current library Date acquired Cost, normal purchase price Full call number Accession Number Koha item type
Henry Martyn Institute Library Henry Martyn Institute Library 06/01/2011 0.00 291 MOH 11000840 Books
                   Copyright © 2026 | Henry Martyn Institute | Hyderabad | TS-500052 | INDIA | Implemented by hmi.edu.in
Hit-Count:

Powered by Koha